000 00770nam a22001937a 4500
005 20120119120134.0
020 _a9788179933749
_c570.00 (set of 6 books)
020 _a9788179934197
100 _aBagai, Shona
_939680
245 _aAll about teeth /
_cby Shona Bagai; edited by Anupama Jauhry
260 _aNew Delhi
_bThe Energy and Resources Institute, TERI Press,
_c2011
270 _aDarbari Seth Block, IHC Complex, Lodhi Road
_bNew Delhi
_e110003
_k26482100/4150
300 _a22p
_bill (col)
_c26cm (Pbk)
490 _aDesigned to survive
_939681
500 _aset of 6 books
700 _aJauhry, Anupama
_939670
942 _2ddc
_cCH
_mBAG
999 _c61199
_d61199